| 000 | 00750cam a22002171 4500 | ||
|---|---|---|---|
| 001 | l 63000039 | ||
| 003 | DLC | ||
| 005 | 20260227111547.0 | ||
| 008 | 731231s1963 dcua f000 0 eng c | ||
| 010 | _al 63000039 | ||
| 035 | _a(OCoLC)768315 | ||
| 040 |
_aU.S. Dept. of Labor Library _cNhD _dOCoLC _dDLC |
||
| 042 | _apremarc | ||
| 050 | 0 | 0 |
_aHD4835.U4 _bA5 1963a |
| 110 | 1 |
_aUnited States. _bDepartment of Labor. |
|
| 245 | 1 | 0 |
_aChallenge and change, _ba brief history [of the U.S. Department of Labor, 1913-1963. |
| 260 |
_aWashington, _bFor sale by the Superintendent of Documents, U.S. Govt. Print. Off., _c1963] |
||
| 300 |
_aiii, 72 p. _billus. _c26 cm. |
||
| 500 | _aErrata leaf inserted. | ||
| 610 | 1 | 0 |
_aUnited States. _bDepartment of Labor. |
| 999 |
_c37109 _d37109 |
||